| 000 | 00465nam a2200145Ia 4500 | ||
|---|---|---|---|
| 008 | 220204s9999 xx 000 0 und d | ||
| 082 |
_a57.085.23:577.2 _bSRI |
||
| 245 | 0 | _aPlant tissue culture and molecular biology: Applications and prospects | |
| 260 |
_aNew Delhi _bNarosa Publishing House _c1998 |
||
| 650 | _aIn vitro fertilization | ||
| 650 | _aMedicinal plants conservation | ||
| 650 | _aTransgenic interactions | ||
| 700 | _aSrivastava, P S | ||
| 942 | _cBK | ||
| 999 |
_c41496 _d41496 |
||